00425nam a2200145Ia 4500003000400000008004100004040001600045082001300061100002000074245009600094260004200190300001000232650001500242650002200257GCL140319s9999 xx 000 0 eng d aGCL / cGCL04a843bM C1 aMAUPASSANT, GUY10aCHOSES DE AUTRES CHOIX DE CHRANIQUES LITERAIRESET MONDAINES (1876-1890) / cMAUPASSANT, GUY a[S.N] : bLE LIVRE DE POCHE ، c1993 a501 P04aLITERATURE04aFRENCH LITERATURE